Central Library OPAC University of Rajshahi

Indian muslims : (Record no. 26518)

MARC details
000 -LEADER
fixed length control field 00703cam a2200229 a 4500
001 - CONTROL NUMBER
control field 26518
003 - CONTROL NUMBER IDENTIFIER
rucl marc code BD-RjUL
005 - DATE AND TIME OF LATEST TRANSACTION
control field 20211209051028.0
008 - FIXED-LENGTH DATA ELEMENTS--GENERAL INFORMATION
fixed length control field 140322r19641959ii 000 0 eng d
035 ## - SYSTEM CONTROL NUMBER
System control number (BD-RjUL)26588
040 ## - CATALOGING SOURCE
Original cataloging agency WU
Language of cataloging eng
Transcribing agency WU
Modifying agency 2509
-- BD-RjUL
041 ## - LANGUAGE CODE
Language code of text/sound track or separate title eng
082 04 - DEWEY DECIMAL CLASSIFICATION NUMBER
Classification number 954.08
Author mark and year GOI 1964
100 1# - MAIN ENTRY--PERSONAL NAME
Personal name Gopal, Ram,
Dates associated with a name 1917-
9 (RLIN) 81570
245 10 - TITLE STATEMENT
Title Indian muslims :
Remainder of title a political history (1858-1947) /
Statement of responsibility, etc. by Ram Gopal.
260 ## - PUBLICATION, DISTRIBUTION, ETC. (IMPRINT)
Place of publication, distribution, etc. New York:
Name of publisher, distributor, etc. Asia Pub. House,
Date of publication, distribution, etc. 1959 [Reprinted 1964]
300 ## - PHYSICAL DESCRIPTION
Pagination x, 351 p., ;
Size 23 cm.
504 ## - BIBLIOGRAPHY, ETC. NOTE
Bibliography, etc Bibliographical footnotes.
650 #0 - SUBJECT ADDED ENTRY--TOPICAL TERM
Topical term or geographic name as entry element Muslims
Geographic subdivision India.
9 (RLIN) 81571
651 #0 - SUBJECT ADDED ENTRY--GEOGRAPHIC NAME
Geographic name India
General subdivision Politics and government
Chronological subdivision 1765-1947.
9 (RLIN) 81572
942 ## - ADDED ENTRY ELEMENTS (KOHA)
Source of classification or shelving scheme Dewey Decimal Classification
Koha item type Books
Holdings
Lost status Source of classification or shelving scheme Damaged status Not for loan Collection code Permanent Location Current Location Shelving location Date acquired Source of acquisition Cost, normal purchase price Total Checkouts Full call number Date last seen Copy number Koha item type
  Dewey Decimal Classification     Non-fiction Central Library, University of Rajshahi Central Library, University of Rajshahi   15/05/1978 Asia Publication House 18.00   954.08 GOI 1964 22/03/2014 C-8 Books